00306nam a2200121Ia 45000030006000000080041000060400015000471000042000622450042001042600009001465460012001550050017001670STCL150530s9999 xx 000 0 und d aSTCLcSTCL aJohn Kunnapally; Joseph Kalarical Ed. aAkila Kerala Marian congress Smarakam c1951 aEnglish20220125165724.0